00572nam a22002057a 450000500170000001000110001702000090002803500110003703700160004804000120006408200160007610000280009224500800012026000470020027000330024730000240028050000210030465000250032565000160035020170124110018.0 a047038 c7.00 a047038 bCen Lib/Ret aDPLbEN a349.54bSAC aSachthey, Ravindranath  aThe supreme court rules :cby Ravindranath Sachthey bamended & annotated / aNew Delhi bInternational Law Publications bNew Delhi aPost Box No. 579 aiii,186p.c22cm(Hb) aIncludes index  aCourt rules -- India aCourt rules